Ciencias para maestros; tercera parte /

Guardado en:
Autor Principal: Ratto, Jorge A.
Formato: Libro
Publicado: Buenos Aires : Marymar, 1980
Edición:3a. ed.
Series:Orientaciónes teóricoprac., 3
Materias:
Etiquetas: Agregar Etiqueta
Sin Etiquetas, Sea el primero en etiquetar este registro!
LEADER 00507nam a22001815a 4500
001 CEM.cems005306
005 20060220000000.0
008 130507s1980##################000#0#####d
003 CEMS
082 0 4 |a 372 
100 1 |a Ratto, Jorge A. 
245 1 0 |a Ciencias para maestros; tercera parte / 
250 |a 3a. ed. 
260 |a Buenos Aires :  |b Marymar,  |c 1980 
300 |a 383 p. 
490 0 |a Orientaciónes teóricoprac., 3 
653 |a Educacion 
859 |a CEMS  |b BIB. CEMS - 11 de abril  |h 372  |i R186a3/III  |p 11244.82  |t Ej.1